| 000 | 00505nam a22001817a 4500 | ||
|---|---|---|---|
| 999 |
_c716 _d716 |
||
| 005 | 20250224105847.0 | ||
| 008 | 211014b ||||| |||| 00| 0 eng d | ||
| 020 | _a9781259254734 | ||
| 040 | _cKCST | ||
| 082 |
_a629.895 _bPe Pr |
||
| 100 |
_aPetruzella, Frank _95413 |
||
| 245 |
_aProgrammable logic controllers / _cFrank Petruzella |
||
| 250 |
_a5th _bInt. student ed. |
||
| 260 |
_aNew York: _bMc Graw-Hill _c2017. |
||
| 300 | _a865 p. | ||
| 650 |
_aProgrammable controllers. _95414 |
||
| 942 |
_2ddc _cCTBK |
||